Physical acoustics : principles and methods. Vol. 4B, [Applications to quantum and solid state physics] /

Bibliographic Details
Corporate Author: ScienceDirect (Online service)
Other Authors: Mason, Warren P. (Warren Perry), 1900-1986 (Editor)
Format: eBook
Language:English
Published: [Place of publication not identified] : Academic Press, 1968.
Subjects:
Online Access:Connect to the full text of this electronic book

MARC

Tag First Indicator Second Indicator Subfields
LEADER 00000cam a2200000 a 4500
001 in00005750921
005 20260326193323.2
006 m o d
007 cr cnu---unuuu
008 121130s1968 xx o 000 0 eng d
040 |a OPELS  |b eng  |e pn  |c OPELS  |d OPELS  |d OCLCF  |d OCLCQ  |d DEBSZ  |d LEAUB  |d S2H  |d OCLCO  |d OCLCQ  |d OCLCO  |d COM  |d OCLCO  |d OCLCQ  |d OCLCO  |d OCLCL  |d OCLCQ  |d OCLCL 
020 |a 9780123956644  |q (electronic bk.) 
020 |a 0123956641  |q (electronic bk.) 
035 |a (OCoLC)819748711 
050 4 |a QC225  |b .P59 1968 
082 0 4 |a 534  |2 23 
049 |a TXAM 
245 0 0 |a Physical acoustics :  |b principles and methods.  |n Vol. 4B,  |p [Applications to quantum and solid state physics] /  |c edited by Warren P. Mason. 
246 3 0 |a Applications to quantum and solid state physics 
260 |a [Place of publication not identified] :  |b Academic Press,  |c 1968. 
300 |a 1 online resource 
336 |a text  |b txt  |2 rdacontent 
337 |a computer  |b c  |2 rdamedia 
338 |a online resource  |b cr  |2 rdacarrier 
500 |a Title from publisher supplied information (viewed November 29, 2012). 
650 0 |a Sound. 
650 0 |a Ultrasonics. 
650 2 |a Ultrasonics 
650 6 |a Ultrasons. 
650 7 |a ultrasound.  |2 aat 
650 7 |a Sound  |2 fast 
650 7 |a Ultrasonics  |2 fast 
655 7 |a Electronic books.  |2 local 
700 1 |a Mason, Warren P.  |q (Warren Perry),  |d 1900-1986.  |4 edt  |1 https://id.oclc.org/worldcat/entity/E39PBJx4k8HPMW3gKc6VcV74MP 
710 2 |a ScienceDirect (Online service) 
856 4 0 |u http://proxy.library.tamu.edu/login?url=https://www.sciencedirect.com/science/bookseries/0893388X/4/part/PB  |z Connect to the full text of this electronic book  |t 0 
955 |a Elsevier ScienceDirect 2026-2027 
994 |a 92  |b TXA 
999 f f |i c5e7addc-5028-4970-8e60-ef16a26910d2  |s 52539c30-4716-4ebd-9cfa-2c82c0ad6b4d  |t 0 
952 f f |a Texas A&M University  |b College Station  |c Electronic Resources  |s www_evans  |d Available Online  |t 0  |e QC225 .P59 1968  |h Library of Congress classification 
998 f f |a QC225 .P59 1968  |t 0  |l Available Online